الحق و الباطل / (رقم التسجيلة. 70901)

تفاصيل مارك
000 -LEADER
fixed length control field 00717nam a22002297a 4500
005 - DATE AND TIME OF LATEST TRANSACTION
control field 20251108172122.0
008 - FIXED-LENGTH DATA ELEMENTS--GENERAL INFORMATION
fixed length control field 250721s2002 xx 000 0 ara d
082 14 - DEWEY DECIMAL CLASSIFICATION NUMBER
Classification number ط/808.88/عبد
100 1# - MAIN ENTRY--PERSONAL NAME
Personal name عبد الكافي، إسماعيل
Relator term مؤلف
245 10 - TITLE STATEMENT
Title الحق و الباطل /
264 1# - PRODUCTION, PUBLICATION, DISTRIBUTION, MANUFACTURE, AND COPYRIGHT NOTICE
Place of production, publication, distribution, manufacture القاهرة :
Name of producer, publisher, distributor, manufacturer الدار الثقافية للنشر،
Date of production, publication, distribution, manufacture, or copyright notice 2002.
300 ## - PHYSICAL DESCRIPTION
Extent 16 ص
490 0# - SERIES STATEMENT
Series statement رباعيات الخيام ؛ 2
650 17 - SUBJECT ADDED ENTRY--TOPICAL TERM
Topical term or geographic name as entry element أدب الأطفال
650 17 - SUBJECT ADDED ENTRY--TOPICAL TERM
Topical term or geographic name as entry element شعر الحكمة
650 17 - SUBJECT ADDED ENTRY--TOPICAL TERM
Topical term or geographic name as entry element الحكم
650 17 - SUBJECT ADDED ENTRY--TOPICAL TERM
Topical term or geographic name as entry element المواعظ
653 ## - INDEX TERM--UNCONTROLLED
Uncontrolled term ناشئون صغار (10-14) سنة
700 1# - ADDED ENTRY--PERSONAL NAME
Personal name يوسف، أبو مسلم
Relator term تأليف
942 ## - ADDED ENTRY ELEMENTS (KOHA)
Source of classification or shelving scheme Dewey Decimal Classification
Koha item type كتب
المقتنيات
حالة السحب حالة الفقدان مصدر التصنيف حالة التلف غير قابل للإعارة المكتبة الرئيسية المكتبة الحالية موقع الرف تاريخ التزويد الرقم المتسلسل Total Checkouts رقم الإستدعاء تاريخ آخر ظهور تاريخ الفاتورة نوع المادة (كوها) الباركود
    Dewey Decimal Classification     المكتبة المركزية المكتبة المركزية مقتنيات قسم التزويد 28/07/2025 625228   ط/808.88/عبد 28/07/2025 28/07/2025 كتب  
    Dewey Decimal Classification     مكتبة الأميرة ايمان العامة مكتبة الأميرة ايمان العامة الأطفال 24/12/2013 625244   ط/808.88/عبد 28/07/2025 24/12/2013 كتب PLD00291548
    Dewey Decimal Classification     مكتبةمؤتة مكتبةمؤتة الأطفال 20/06/2014 625238   ط/808.88/عبد 28/07/2025 20/06/2014 كتب PLD00329422
Implemented & Customized by: BBB with SCIT (Smart Chains for Information Technology)

Powered by Koha